000
00198nam a22000977a 4500
041
_a
eng
080
_a
80
100
_a
Licklider, Patricia
245
_a
Building a College Vocabulary.
999
_c
281634
_d
281634
942
_c
BK